[Event "VIE-ch U20"]
[Site "Ho Chi Minh City"]
[Date "2022.07.15"]
[Round "7"]
[White "Huynh, Quoc An"]
[Black "Nguyen, Quang Trung"]
[Result "1-0"]
[WhiteElo "2245"]
[BlackElo "2260"]
[PlyCount "87"]
[EventDate "2022.07.11"]
[EventType "swiss"]
[EventRounds "9"]
[EventCountry "VIE"]
[SourceTitle "EXT 2023"]
[Source "ChessBase"]
[SourceDate "2022.10.05"]
[SourceVersion "1"]
[SourceVersionDate "2022.10.05"]
[SourceQuality "1"]

1. e4 d6 2. d4 g6 3. c4 Bg7 4. Nc3 Nc6 5. Be3 e5 6. d5 Nce7 7. Bd3 f5 8. f3 Nf6 9. Nge2 0-0 10. 0-0 f4 11. Bf2 g5 12. Kh1 Ng6 13. Ng1 h5 14. c5 Rf7 15. cxd6 cxd6 16. Rc1 g4 17. Be2 Bf8 18. Qd2 h4 19. fxg4 Bxg4 20. h3 Bxe2 21. Qxe2 Rh7 22. Rc2 Nh5 23. Qg4 Qf6 24. Nf3 Ng3+ 25. Bxg3 hxg3 26. Nb5 Kh8 27. Nc7 Rb8 28. Ne6 Be7 29. Neg5 Rh6 30. Rc8+ Rxc8 31. Qxc8+ Kg7 32. Ne6+ Kf7 33. Nfg5+ Qxg5 34. Nxg5+ Bxg5 35. Qe6+ Kg7 36. Qxd6 Be7 37. Qe6 Bc5 38. Rc1 b6 39. b4 f3 40. bxc5 fxg2+ 41. Kg1 Nf4 42. Qxe5+ Rf6 43. Qxf6+ Kxf6 44. c6 1-0

[Event "VIE-ch U20"]
[Site "Ho Chi Minh City"]
[Date "2022.07.13"]
[Round "4"]
[White "Nguyen, Quang Trung"]
[Black "Nguyen, Huynh Minh Thien"]
[Result "1/2-1/2"]
[WhiteElo "2260"]
[BlackElo "2261"]
[PlyCount "55"]
[EventDate "2022.07.11"]
[EventType "swiss"]
[EventRounds "9"]
[EventCountry "VIE"]
[SourceTitle "EXT 2023"]
[Source "ChessBase"]
[SourceDate "2022.10.05"]
[SourceVersion "1"]
[SourceVersionDate "2022.10.05"]
[SourceQuality "1"]

1. d4 Nf6 2. Nf3 g6 3. e3 Bg7 4. Be2 d5 5. 0-0 0-0 6. b3 c5 7. Bb2 b6 8. dxc5 bxc5 9. c4 e6 10. Na3 Bb7 11. Rc1 Nbd7 12. Qc2 Qa5 13. Rfd1 Rfd8 14. Qb1 Rac8 15. Qa1 a6 16. h3 Qc7 17. Ne5 Ne4 18. Nxd7 Bxb2 19. Qxb2 Rxd7 20. cxd5 exd5 21. Nb1 Rcd8 22. Nd2 Nxd2 23. Rxd2 Qb6 24. Bg4 f5 25. Bf3 d4 26. Bxb7 Qxb7 27. exd4 cxd4 28. Rcd1 1/2-1/2

[Event "VIE-ch U20"]
[Site "Hanoi"]
[Date "2022.06.14"]
[Round "5"]
[White "Le, Nhat Khanh Huy"]
[Black "Nguyen, Quang Trung"]
[Result "0-1"]
[WhiteElo "2270"]
[BlackElo "2254"]
[PlyCount "106"]
[EventDate "2022.06.11"]
[EventType "swiss"]
[EventRounds "9"]
[EventCountry "VIE"]
[SourceTitle "EXT 2023"]
[Source "ChessBase"]
[SourceDate "2022.10.05"]
[SourceVersion "1"]
[SourceVersionDate "2022.10.05"]
[SourceQuality "1"]

1. e4 d6 2. d4 g6 3. Nf3 Bg7 4. Bd3 Nf6 5. 0-0 0-0 6. Re1 Nc6 7. c3 e5 8. h3 Ne8 9. Bb5 Bd7 10. Bg5 f6 11. Bh4 Qc8 12. Qb3+ Kh8 13. d5 Nd8 14. Bxd7 Qxd7 15. Na3 h6 16. c4 b6 17. Qb5 Qf7 18. b4 a5 19. Qa4 g5 20. Bg3 f5 21. exf5 e4 22. Nd2 Bxa1 23. Rxa1 Qxf5 24. Re1 Nf6 25. Nb5 Nh5 26. Nxe4 Nxg3 27. fxg3 Qd7 28. Qb3 axb4 29. Qxb4 Qg7 30. Qc3 Rxa2 31. Qxg7+ Kxg7 32. Nxc7 Ra7 33. Nb5 Re7 34. Nbxd6 Nb7 35. Rb1 Nxd6 36. Nxd6 Re2 37. g4 Rff2 38. Nf5+ Kf8 39. Rxb6 Rxg2+ 40. Kh1 Rh2+ 41. Kg1 Reg2+ 42. Kf1 Rc2 43. Kg1 Rxh3 44. Rb1 Rhh2 45. d6 Rhg2+ 46. Kf1 Rh2 47. Kg1 Rhd2 48. Ne3 Rc3 49. Rf1+ Ke8 50. Rf2 Rxd6 51. Nf5 Ra6 52. Re2+ Kf7 53. Rf2 Kg8 0-1

[Event "VIE-ch U20"]
[Site "Hanoi"]
[Date "2022.06.13"]
[Round "4"]
[White "Nguyen, Quang Trung"]
[Black "Bui, Duc Huy"]
[Result "1/2-1/2"]
[WhiteElo "2254"]
[BlackElo "2271"]
[PlyCount "40"]
[EventDate "2022.06.11"]
[EventType "swiss"]
[EventRounds "9"]
[EventCountry "VIE"]
[SourceTitle "EXT 2023"]
[Source "ChessBase"]
[SourceDate "2022.10.05"]
[SourceVersion "1"]
[SourceVersionDate "2022.10.05"]
[SourceQuality "1"]

1. Nf3 Nf6 2. d4 e6 3. Bg5 c5 4. e3 Be7 5. c3 0-0 6. Nbd2 b6 7. Bd3 Ba6 8. Qe2 Qc8 9. 0-0 Bxd3 10. Qxd3 Qa6 11. Qxa6 Nxa6 12. Rfd1 d5 13. c4 Rfd8 14. cxd5 Nxd5 15. Bxe7 Nxe7 16. dxc5 Nxc5 17. Nc4 Nc6 18. Kf1 Rxd1+ 19. Rxd1 Rd8 20. Rxd8+ Nxd8 1/2-1/2

[Event "VIE-ch U20"]
[Site "Hanoi"]
[Date "2022.06.12"]
[Round "2"]
[White "Nguyen, Quang Trung"]
[Black "Le, Huy Hai"]
[Result "1/2-1/2"]
[WhiteElo "2254"]
[BlackElo "2275"]
[PlyCount "50"]
[EventDate "2022.06.11"]
[EventType "swiss"]
[EventRounds "9"]
[EventCountry "VIE"]
[SourceTitle "EXT 2023"]
[Source "ChessBase"]
[SourceDate "2022.10.05"]
[SourceVersion "1"]
[SourceVersionDate "2022.10.05"]
[SourceQuality "1"]

1. c4 g6 2. Nc3 Bg7 3. d4 Nf6 4. Nf3 0-0 5. Bg5 d6 6. h3 Qe8 7. e3 e5 8. Be2 h6 9. Bh4 c6 10. dxe5 dxe5 11. Qd6 Qd7 12. Rd1 Qxd6 13. Rxd6 Be6 14. 0-0 Nbd7 15. Rfd1 Nc5 16. Bxf6 Bxf6 17. b4 Na6 18. a3 Be7 19. R6d2 f6 20. Ne4 Rad8 21. Nd6 Bxd6 22. Rxd6 Rxd6 23. Rxd6 Kf7 24. Nh4 Rg8 25. b5 Nc5 1/2-1/2

[Event "VIE-ch"]
[Site "Hanoi"]
[Date "2020.10.10"]
[Round "8"]
[White "Tran, Xuan Tu"]
[Black "Nguyen, Quang Trung"]
[Result "1/2-1/2"]
[WhiteElo "2093"]
[BlackElo "1824"]
[PlyCount "90"]
[EventDate "2020.10.05"]
[EventType "swiss"]
[EventRounds "9"]
[EventCountry "VIE"]
[SourceTitle "EXT 2022"]
[Source "ChessBase"]
[SourceDate "2021.10.06"]
[SourceVersion "1"]
[SourceVersionDate "2021.10.06"]
[SourceQuality "1"]

1. d4 Nf6 2. Nf3 g6 3. Bg5 Bg7 4. Nbd2 d5 5. e3 0-0 6. Bd3 Nbd7 7. c3 c5 8. 0-0 cxd4 9. exd4 h6 10. Bh4 g5 11. Bg3 Nh5 12. Re1 Nxg3 13. hxg3 Rb8 14. a4 e6 15. Qe2 Qc7 16. Ne5 a6 17. a5 Nxe5 18. dxe5 b5 19. axb6 Rxb6 20. Nf3 Qb8 21. b4 Qc7 22. Ra3 Bb7 23. Nd4 Rc8 24. f4 Qe7 25. Qe3 Qd8 26. Rea1 gxf4 27. gxf4 Qc7 28. Re1 Re8 29. Bb1 Bc8 30. Qd3 Kf8 31. Qh7 Qe7 32. g3 Bd7 33. Re2 Rc8 34. Qd3 Bb5 35. Nxb5 axb5 36. Rea2 Qc7 37. Qd4 Rb7 38. Ra8 Rbb8 39. Rxb8 Rxb8 40. Bd3 Qb6 41. Qxb6 Rxb6 42. Ra5 f6 43. Ra8+ Kf7 44. Ra7+ Kf8 45. Ra8+ Kf7 1/2-1/2

[Event "VIE-ch U20"]
[Site "Hanoi"]
[Date "2020.??.??"]
[Round "6"]
[White "Bui, Duc Huy"]
[Black "Nguyen, Quang Trung"]
[Result "0-1"]
[WhiteElo "1977"]
[BlackElo "1824"]
[PlyCount "98"]
[EventDate "2020.10.22"]
[EventType "tourn"]
[EventRounds "7"]
[EventCountry "VIE"]
[SourceTitle "EXT 2022"]
[Source "ChessBase"]
[SourceDate "2021.10.06"]
[SourceVersion "1"]
[SourceVersionDate "2021.10.06"]
[SourceQuality "1"]

1. d4 Nf6 2. Bf4 e6 3. Nf3 Be7 4. e3 0-0 5. Bd3 c5 6. 0-0 d5 7. c3 cxd4 8. cxd4 Nc6 9. Nc3 a6 10. Ne5 Bd7 11. a3 Rc8 12. Rc1 b5 13. Bb1 b4 14. axb4 Nxb4 15. Qf3 Bb5 16. Rfd1 Nd7 17. Qh5 f5 18. Nxb5 axb5 19. Qe2 Nxe5 20. Bxe5 Qb6 21. Bd3 Nxd3 22. Qxd3 b4 23. b3 Bd6 24. Bxd6 Qxd6 25. Qb5 f4 26. Rc5 fxe3 27. fxe3 Rb8 28. Qe2 Rf7 29. Rdc1 Rbf8 30. Rc8 Qd7 31. Qa6 Rf1+ 32. Qxf1 Rxc8 33. Rxc8+ Qxc8 34. Qb5 Qc1+ 35. Kf2 Qd2+ 36. Qe2 Qc3 37. Qg4 Qxb3 38. Qxe6+ Kf8 39. Qf5+ Ke7 40. Qxh7 Qb2+ 41. Kg1 Qc1+ 42. Kf2 b3 43. Qxg7+ Kd6 44. Qg6+ Kc7 45. Qf7+ Kb6 46. Qe6+ Ka7 47. Qd7+ Kb6 48. Qe6+ Qc6 49. Qf5 Qc2+ 0-1

[Event "VIE-ch U20"]
[Site "Hanoi"]
[Date "2020.??.??"]
[Round "5"]
[White "Nguyen, Quang Trung"]
[Black "Tran, Minh Thang"]
[Result "0-1"]
[WhiteElo "1824"]
[BlackElo "2335"]
[PlyCount "28"]
[EventDate "2020.10.22"]
[EventType "tourn"]
[EventRounds "7"]
[EventCountry "VIE"]
[SourceTitle "EXT 2022"]
[Source "ChessBase"]
[SourceDate "2021.10.06"]
[SourceVersion "1"]
[SourceVersionDate "2021.10.06"]
[SourceQuality "1"]

1. d4 Nf6 2. Nf3 e6 3. c4 b6 4. Nc3 Bb7 5. g3 Bb4 6. Bg2 0-0 7. 0-0 Bxc3 8. bxc3 Nc6 9. Bg5 Na5 10. Bxf6 Qxf6 11. Ne5 Bxg2 12. Kxg2 Rfd8 13. e4 d6 14. Nf3 Nxc4 0-1

[Event "Hanoi op"]
[Site "Hanoi"]
[Date "2019.02.24"]
[Round "4"]
[White "Nguyen, Quang Trung"]
[Black "Nguyen, Thi Minh Thu"]
[Result "1-0"]
[WhiteElo "1803"]
[BlackElo "1942"]
[PlyCount "69"]
[EventDate "2019.02.22"]
[EventType "swiss"]
[EventRounds "9"]
[EventCountry "VIE"]
[SourceTitle "EXT 2021"]
[Source "ChessBase"]
[SourceDate "2020.10.23"]
[SourceVersion "1"]
[SourceVersionDate "2020.10.23"]
[SourceQuality "1"]

1. g3 e6 2. Bg2 f5 3. c4 Nf6 4. Nc3 d5 5. d4 c6 6. Nf3 Bd6 7. 0-0 0-0 8. Ne5 Nbd7 9. f4 Ne4 10. Qd3 Ndf6 11. c5 Nxc3 12. Qxc3 Ne4 13. Bxe4 Bxe5 14. Bd3 Bf6 15. b4 b6 16. e3 Bb7 17. Bd2 g5 18. Be1 Qe7 19. Rf2 gxf4 20. gxf4 Kh8 21. Kh1 Rg8 22. Rb2 Qg7 23. Bg3 Qg4 24. Be2 Qh3 25. Bf1 Qh6 26. Qe1 Rg6 27. a4 Rag8 28. Rg2 Qg7 29. Raa2 h5 30. Bh4 Rg4 31. Bxf6 Qxf6 32. b5 cxb5 33. Rxg4 Rxg4 34. Be2 Rg7 35. Bxh5 1-0

[Event "VIE-ch U17"]
[Site "Hai Phong"]
[Date "2018.07.12"]
[Round "8"]
[White "Le, Nam Thien"]
[Black "Nguyen, Quang Trung"]
[Result "0-1"]
[WhiteElo "1763"]
[BlackElo "1784"]
[PlyCount "40"]
[EventDate "2018.07.07"]
[EventType "swiss"]
[EventRounds "9"]
[EventCountry "VIE"]
[SourceTitle "EXT 2019"]
[Source "ChessBase"]
[SourceDate "2018.10.10"]
[SourceVersion "1"]
[SourceVersionDate "2018.10.10"]
[SourceQuality "1"]

1. d4 d5 2. c4 c6 3. Nc3 Nf6 4. Bf4 e6 5. e3 Bd6 6. Bxd6 Qxd6 7. Nf3 0-0 8. Be2 Nbd7 9. 0-0 e5 10. dxe5 Nxe5 11. cxd5 cxd5 12. Nd4 a6 13. Qb3 b5 14. a3 Nfg4 15. Bxg4 Nxg4 16. f4 Nxe3 17. Rf3 Nc4 18. Rf2 Qc5 19. Nce2 Re8 20. Re1 Bg4 0-1

[Event "VIE Cup"]
[Site "Bac Giang"]
[Date "2018.05.31"]
[Round "3"]
[White "Nguyen, Quang Trung"]
[Black "Le, Minh Kha"]
[Result "1-0"]
[WhiteElo "1805"]
[BlackElo "1923"]
[PlyCount "51"]
[EventDate "2018.05.30"]
[EventType "swiss"]
[EventRounds "9"]
[EventCountry "VIE"]
[SourceTitle "CBM 184 Extra"]
[Source "ChessBase"]
[SourceDate "2018.06.28"]
[SourceVersion "1"]
[SourceVersionDate "2018.06.28"]
[SourceQuality "1"]

1. d4 Nf6 2. Nf3 g6 3. Bg5 Bg7 4. Nbd2 0-0 5. e4 d6 6. Bc4 e6 7. 0-0 h6 8. Bh4 g5 9. Bg3 Nbd7 10. e5 Ne8 11. Qe2 d5 12. Bd3 Nb6 13. Ne1 f5 14. exf6 Qxf6 15. Be5 Qe7 16. Qh5 Nf6 17. Qh3 Nbd7 18. Bxc7 Ne8 19. Ba5 e5 20. Qe3 e4 21. Be2 Nd6 22. Bb4 Nb8 23. c4 Nc6 24. Bxd6 Qxd6 25. cxd5 Qxd5 26. Bc4 1-0

[Event "Hanoi HD Bank op-B 8th"]
[Site "Hanoi"]
[Date "2018.03.12"]
[Round "4"]
[White "Nguyen, Quang Trung"]
[Black "Phan, Thi Trac Van"]
[Result "1-0"]
[WhiteElo "1785"]
[BlackElo "1717"]
[PlyCount "87"]
[EventDate "2018.03.10"]
[EventType "swiss"]
[EventRounds "9"]
[EventCountry "VIE"]
[SourceTitle "CBM 183 Extra"]
[Source "ChessBase"]
[SourceDate "2018.04.19"]
[SourceVersion "1"]
[SourceVersionDate "2018.04.19"]
[SourceQuality "1"]

1. d4 d5 2. Nf3 Nc6 3. Bf4 g6 4. e3 Bg7 5. c4 e6 6. Nc3 Nge7 7. Nb5 e5 8. Nxe5 Nxe5 9. Bxe5 Bxe5 10. dxe5 a6 11. Nc3 Be6 12. Qb3 dxc4 13. Bxc4 Bxc4 14. Qxc4 c6 15. 0-0 0-0 16. Ne4 Nd5 17. Qb3 Qe7 18. f4 Qb4 19. Qxb4 Nxb4 20. Rf3 Rad8 21. Rh3 Kg7 22. a3 Nd3 23. b4 b6 24. g4 Nb2 25. Ng5 h6 26. e6 Rd6 27. Nxf7 Rxe6 28. Nxh6 Nc4 29. Kf2 Rfe8 30. Re1 Rd6 31. g5 Nxa3 32. Ng4 Nc2 33. Nf6 Rh8 34. Rxh8 Kxh8 35. Rb1 Rd2+ 36. Kf3 Rxh2 37. e4 Kg7 38. Nd7 b5 39. f5 Rd2 40. f6+ Kg8 41. Ne5 Rd6 42. Nxg6 Nd4+ 43. Kg4 Re6 44. e5 1-0